[Event "DEN-chT 2223 60th"]
[Site "Denmark"]
[Date "2023.03.25"]
[Round "8.2"]
[White "Petersen, Tom Petri"]
[Black "Neiksans, Arturs"]
[Result "0-1"]
[WhiteElo "2300"]
[BlackElo "2594"]
[PlyCount "122"]
[EventDate "2022.10.29"]
[EventType "team-tourn"]
[EventRounds "9"]
[EventCountry "DEN"]
[SourceTitle "CBM 213 Extra"]
[Source "ChessBase"]
[SourceDate "2023.05.31"]
[SourceVersion "1"]
[SourceVersionDate "2023.05.31"]
[SourceQuality "1"]
[WhiteTeam "Nordre"]
[BlackTeam "Koge Xtracon"]
[WhiteTeamCountry "DEN"]
[BlackTeamCountry "DEN"]

1. c4 e5 2. g3 c6 3. Bg2 d5 4. cxd5 cxd5 5. d4 e4 6. Nc3 Nc6 7. h4 h6 8. Nh3 Nf6 9. Nf4 Bb4 10. e3 Bxc3+ 11. bxc3 0-0 12. a4 Bg4 13. Qc2 Na5 14. Ba3 Re8 15. Bb4 Nc4 16. a5 Rc8 17. Bh3 Bxh3 18. Rxh3 Qd7 19. h5 b6 20. a6 Nh7 21. g4 Qxg4 22. Qe2 Qg1+ 23. Qf1 Qxf1+ 24. Kxf1 Red8 25. Rg3 Rd7 26. Ke2 Ng5 27. Ng2 f6 28. Nh4 Kf7 29. Rgg1 Rc6 30. Ra2 Rdc7 31. Rb1 Rc8 32. Rg1 Rd8 33. Rb1 Ke6 34. Ng6 Rc7 35. Nf4+ Kf7 36. Ba3 Ne6 37. Ng6 f5 38. Bb4 Ke8 39. Rg1 Rf7 40. Ne5 Nxe5 41. dxe5 Rc7 42. Rg6 Kf7 43. Kd2 Re8 44. Ra1 Ng5 45. Kc2 Re6 46. Rd1 Rxg6 47. hxg6+ Ke6 48. Bd6 Rc8 49. c4 Nf3 50. Kb2 Rxc4 51. Bb8 Rc8 52. Bxa7 Ra8 53. Bxb6 Rb8 54. Ra1 Rxb6+ 55. Kc3 Rb8 56. a7 Ra8 57. Kb4 d4 58. exd4 Nxd4 59. Kc4 Nc6 60. Ra6 Rxa7 61. Rxc6+ Kxe5 0-1

[Event "DEN-chT 1920 58th"]
[Site "Denmark"]
[Date "2020.02.23"]
[Round "7.1"]
[White "Nielsen, Viktor Haarmark"]
[Black "Petersen, Tom Petri"]
[Result "1-0"]
[WhiteElo "2268"]
[BlackElo "2309"]
[PlyCount "123"]
[EventDate "2019.11.23"]
[EventType "team-tourn"]
[EventRounds "9"]
[EventCountry "DEN"]
[SourceTitle "EXT 2021"]
[Source "ChessBase"]
[SourceDate "2020.10.23"]
[SourceVersion "1"]
[SourceVersionDate "2020.10.23"]
[SourceQuality "1"]
[WhiteTeam "Obro"]
[BlackTeam "Nordre"]
[WhiteTeamCountry "DEN"]
[BlackTeamCountry "DEN"]

1. e4 c6 2. d4 d5 3. Nd2 dxe4 4. Nxe4 Nf6 5. Nxf6+ gxf6 6. Nf3 Bf5 7. Be2 e6 8. Be3 Nd7 9. Bd3 Bxd3 10. Qxd3 Qc7 11. 0-0-0 0-0-0 12. Qe2 Rg8 13. g3 Qa5 14. Kb1 Nb6 15. Nd2 Qf5 16. Nb3 Nd5 17. Bc1 h5 18. h4 Bb4 19. Ka1 Bf8 20. a3 Qg4 21. Qd3 Qg6 22. Qe2 Qg4 23. Qd3 Qg6 24. Qd2 Nb6 25. Rhe1 Qf5 26. Qe2 Qd5 27. Bf4 Nc4 28. Qd3 Be7 29. Qh7 Rdf8 30. Qd3 Rd8 31. Nd2 Nxd2 32. Rxd2 Qa5 33. Red1 f5 34. Qe3 Rd7 35. Qf3 Rg4 36. c4 Bd6 37. Bg5 Bc7 38. d5 cxd5 39. cxd5 Qb5 40. d6 Bb6 41. Qc3+ Rc4 42. Qh8+ Bd8 43. Bxd8 Rxd8 44. d7+ Kc7 45. Qxh5 Qc6 46. Qe2 b5 47. Ka2 Rc5 48. h5 e5 49. Qe3 b4 50. axb4 Qa4+ 51. Kb1 Qxb4 52. Qxc5+ Qxc5 53. Rc2 Qxc2+ 54. Kxc2 f4 55. gxf4 exf4 56. h6 f3 57. h7 f5 58. Rd3 f4 59. Rd4 a5 60. Rd1 a4 61. Rd4 a3 62. bxa3 1-0

[Event "DEN-chT 1920 58th"]
[Site "Denmark"]
[Date "2020.01.11"]
[Round "4.2"]
[White "Rasmussen, Allan Stig"]
[Black "Petersen, Tom Petri"]
[Result "1-0"]
[WhiteElo "2559"]
[BlackElo "2309"]
[PlyCount "75"]
[EventDate "2019.11.23"]
[EventType "team-tourn"]
[EventRounds "9"]
[EventCountry "DEN"]
[SourceTitle "CBM 195 Extra"]
[Source "ChessBase"]
[SourceDate "2020.05.31"]
[SourceVersion "1"]
[SourceVersionDate "2020.05.31"]
[SourceQuality "1"]
[WhiteTeam "Jetsmark"]
[BlackTeam "Nordre"]
[WhiteTeamCountry "DEN"]
[BlackTeamCountry "DEN"]

1. e4 g6 2. d4 Bg7 3. Nf3 d6 4. Be2 Nf6 5. Nc3 0-0 6. 0-0 c6 7. a4 Qc7 8. Be3 e5 9. Qd2 Re8 10. dxe5 dxe5 11. Rfd1 a5 12. Bc4 Be6 13. Bxe6 Rxe6 14. Qd8+ Qxd8 15. Rxd8+ Re8 16. Rad1 Na6 17. Rxa8 Rxa8 18. Bb6 Re8 19. Bxa5 Nc5 20. Bb6 Bf8 21. Bc7 Nfxe4 22. Nxe4 Nxe4 23. Bxe5 Bc5 24. Bd4 Bxd4 25. Rxd4 Ng5 26. Kf1 Nxf3 27. gxf3 Re7 28. Re4 Rd7 29. Ke2 f5 30. Rc4 Kf7 31. a5 Ke6 32. Ke3 Rc7 33. b4 Kd7 34. Kd4 Rc8 35. Kc5 Kc7 36. b5 Re8 37. b6+ Kc8 38. f4 1-0

[Event "DEN-chT 1920 58th"]
[Site "Denmark"]
[Date "2019.11.23"]
[Round "1.1"]
[White "Hammer, Jon Ludvig"]
[Black "Petersen, Tom Petri"]
[Result "1-0"]
[WhiteElo "2625"]
[BlackElo "2309"]
[PlyCount "65"]
[EventDate "2019.11.23"]
[EventType "team-tourn"]
[EventRounds "9"]
[EventCountry "DEN"]
[SourceTitle "CBM 193 Extra"]
[Source "ChessBase"]
[SourceDate "2020.01.31"]
[SourceVersion "1"]
[SourceVersionDate "2020.01.31"]
[SourceQuality "1"]
[WhiteTeam "Koge Xtracon"]
[BlackTeam "Nordre"]
[WhiteTeamCountry "DEN"]
[BlackTeamCountry "DEN"]

1. e4 g6 2. d4 Bg7 3. Nf3 d6 4. Be2 Nf6 5. Nc3 0-0 6. 0-0 c6 7. a4 a5 8. h3 Qc7 9. e5 dxe5 10. dxe5 Rd8 11. Bd3 Nd5 12. Qe2 Nxc3 13. bxc3 c5 14. Bc4 e6 15. h4 Nc6 16. Re1 h5 17. Bg5 Re8 18. Rad1 Ne7 19. Bb5 Rf8 20. c4 Nf5 21. Qe4 Rb8 22. g4 hxg4 23. Qxg4 b6 24. h5 Nd4 25. Nxd4 cxd4 26. Bf6 Bb7 27. Rxd4 Rbd8 28. Rxd8 Rxd8 29. hxg6 Rd2 30. Be8 fxg6 31. Qxe6+ Kh8 32. Bxg6 Qc6 33. Qh3+ 1-0

[Event "DEN-chT 1718 56th"]
[Site "Denmark"]
[Date "2018.01.14"]
[Round "6.1"]
[White "Jepson, Christian"]
[Black "Petersen, Tom Petri"]
[Result "1-0"]
[WhiteElo "2404"]
[BlackElo "2293"]
[PlyCount "95"]
[EventDate "2017.11.18"]
[EventType "team-tourn"]
[EventRounds "9"]
[EventCountry "DEN"]
[SourceTitle "EXT 2019"]
[Source "ChessBase"]
[SourceDate "2018.10.10"]
[SourceVersion "1"]
[SourceVersionDate "2018.10.10"]
[SourceQuality "1"]
[WhiteTeam "Nordkalotten"]
[BlackTeam "Nordre"]
[WhiteTeamCountry "DEN"]
[BlackTeamCountry "DEN"]

1. d4 g6 2. e4 Bg7 3. c4 d6 4. Nc3 Nc6 5. d5 Nd4 6. Be3 c5 7. Nge2 Nxe2 8. Bxe2 h5 9. Qd2 a6 10. 0-0 Nf6 11. f3 0-0 12. a3 h4 13. b4 b6 14. Rab1 Bd7 15. Rb3 Qc7 16. Rfb1 Ra7 17. a4 Nh5 18. f4 Nf6 19. h3 Ne8 20. Bf2 f5 21. Bxh4 Nf6 22. bxc5 bxc5 23. exf5 Bxf5 24. Bd3 Qd7 25. Bxf5 Qxf5 26. Re1 Nh5 27. g4 Qxf4 28. Qxf4 Nxf4 29. Ne4 Bd4+ 30. Kh2 Be5 31. Bg3 Raa8 32. Rf1 Ne2 33. Rxf8+ Rxf8 34. Bxe5 dxe5 35. Re3 Nd4 36. a5 Rc8 37. Kg3 Kg7 38. Ng5 Rb8 39. Rxe5 Kf6 40. Kf4 Rb1 41. Ne4+ Kf7 42. Nxc5 Rb4 43. Re4 Rxc4 44. Ne6 Ne2+ 45. Ke3 Rxe4+ 46. Kxe4 Nc1 47. Nc5 Kf6 48. h4 1-0

[Event "DEN-chT 1718 56th"]
[Site "Denmark"]
[Date "2018.01.13"]
[Round "5.3"]
[White "Petersen, Tom Petri"]
[Black "Haubro, Martin"]
[Result "0-1"]
[WhiteElo "2293"]
[BlackElo "2297"]
[PlyCount "90"]
[EventDate "2017.11.18"]
[EventType "team-tourn"]
[EventRounds "9"]
[EventCountry "DEN"]
[SourceTitle "EXT 2019"]
[Source "ChessBase"]
[SourceDate "2018.10.10"]
[SourceVersion "1"]
[SourceVersionDate "2018.10.10"]
[SourceQuality "1"]
[WhiteTeam "Nordre"]
[BlackTeam "BMS"]
[WhiteTeamCountry "DEN"]
[BlackTeamCountry "DEN"]

1. Nf3 Nf6 2. c4 e6 3. Nc3 Bb4 4. Qc2 c5 5. b3 Nc6 6. Bb2 0-0 7. e3 Re8 8. Be2 e5 9. Ng5 h6 10. Nge4 Nxe4 11. Nxe4 d6 12. Ng3 Be6 13. 0-0 Qd7 14. f4 f5 15. Rad1 Rf8 16. d3 exf4 17. Rxf4 Ba5 18. d4 cxd4 19. exd4 Nb4 20. Qb1 d5 21. a3 Bc7 22. Rf3 f4 23. axb4 fxg3 24. hxg3 Bf5 25. Bd3 Bg4 26. Rxf8+ Rxf8 27. Rf1 Rxf1+ 28. Qxf1 Bxg3 29. cxd5 Qe7 30. d6 Qe3+ 31. Kh1 Bf2 32. d5 Qg3 33. Be5 Qh4+ 34. Bh2 Bg3 35. Qg1 Bxd6 36. Bc4 Bf5 37. b5 Be4 38. Bf1 b6 39. Bc4 g5 40. Be2 h5 41. Bf3 Bxf3 42. gxf3 Kf7 43. Kg2 Qxh2+ 44. Qxh2 Bxh2 45. Kxh2 Ke7 0-1

[Event "Helsingor Xtracon op"]
[Site "Helsingor"]
[Date "2017.07.24"]
[Round "4"]
[White "Petersson, Baldur Teodor"]
[Black "Petersen, Tom Petri"]
[Result "0-1"]
[WhiteElo "2086"]
[BlackElo "2338"]
[PlyCount "80"]
[EventDate "2017.07.22"]
[EventType "swiss"]
[EventRounds "10"]
[EventCountry "DEN"]
[SourceTitle "CBM 179 Extra"]
[Source "ChessBase"]
[SourceDate "2017.08.23"]
[SourceVersion "1"]
[SourceVersionDate "2017.08.23"]
[SourceQuality "1"]

1. e4 g6 2. d4 Bg7 3. Nc3 a6 4. Be3 d6 5. Qd2 Nd7 6. f3 b5 7. h4 h6 8. g4 Nb6 9. a3 Nf6 10. 0-0-0 Bb7 11. Nh3 Nfd7 12. g5 h5 13. Nf4 0-0 14. Qf2 Rc8 15. Kb1 c5 16. dxc5 Nxc5 17. Bh3 e6 18. Bd4 Bxd4 19. Qxd4 e5 20. Qxd6 exf4 21. Bxc8 Qxd6 22. Rxd6 Nxc8 23. Rf6 Rd8 24. Kc1 Kf8 25. Rd1 Rxd1+ 26. Kxd1 Ke7 27. Nd5+ Bxd5 28. exd5 Nd6 29. Rxf4 Nf5 30. Kd2 Kd6 31. c4 Ke5 32. Rxf5+ gxf5 33. b4 Nb3+ 34. Kc3 bxc4 35. Kxc4 Nd2+ 36. Kc5 Nxf3 37. a4 Nd4 38. b5 axb5 39. a5 Nb3+ 40. Kxb5 Nxa5 0-1

[Event "Helsingor Xtracon op"]
[Site "Helsingor"]
[Date "2016.07.31"]
[Round "10"]
[White "Petersen, Tom Petri"]
[Black "Thogersen, Rasmus"]
[Result "1/2-1/2"]
[WhiteElo "2346"]
[BlackElo "2205"]
[PlyCount "135"]
[EventDate "2016.07.23"]
[EventType "swiss"]
[EventRounds "10"]
[EventCountry "DEN"]
[SourceTitle "CBM 173 Extra"]
[Source "ChessBase"]
[SourceDate "2016.08.29"]
[SourceVersion "1"]
[SourceVersionDate "2016.08.29"]
[SourceQuality "1"]

1. Nf3 Nf6 2. c4 g6 3. Nc3 Bg7 4. g3 0-0 5. Bg2 d6 6. 0-0 e5 7. d3 Nc6 8. Rb1 a5 9. a3 Bg4 10. h3 Be6 11. e4 h6 12. b4 axb4 13. axb4 Qd7 14. Kh2 Nh5 15. Nd5 Ra2 16. Qb3 Rfa8 17. b5 Ne7 18. b6 c6 19. Nc7 R8a5 20. Bb2 Nc8 21. Ra1 Rxa1 22. Bxa1 c5 23. Bc3 Ra4 24. Ng1 Bf6 25. Bf3 Qc6 26. Rb1 Bd8 27. Bd1 Nxb6 28. Qxb6 Qxb6 29. Rxb6 Ra7 30. Nd5 Bxb6 31. Nxb6 Ra3 32. Ne2 f5 33. Kg2 Nf6 34. f3 fxe4 35. fxe4 Ra6 36. Na4 Bd7 37. Nb2 b5 38. cxb5 Bxb5 39. Bb3+ Kf8 40. Bc4 Bxc4 41. Nxc4 Ke7 42. Kf3 Ke6 43. Bd2 h5 44. Nc3 Ra1 45. Bg5 d5 46. exd5+ Nxd5 47. Ne4 Nb4 48. Nxc5+ Kd5 49. Nb3 Rh1 50. Ne3+ Kd6 51. d4 Nd3 52. Nc4+ Kd5 53. Nxe5 Nxe5+ 54. dxe5 Kxe5 55. Bf4+ Kf6 56. h4 Re1 57. Nd4 Re8 58. Bd6 Re1 59. Bf4 Re8 60. Nc2 Ra8 61. Ne3 Ra3 62. Bd6 Ra6 63. Bb4 g5 64. hxg5+ Kxg5 65. Kg2 Re6 66. Bd2 h4 67. Nf1+ Kh5 68. gxh4 1/2-1/2

[Event "Helsingor Xtracon op"]
[Site "Helsingor"]
[Date "2016.07.28"]
[Round "7"]
[White "Schroeder, Jan Christian"]
[Black "Petersen, Tom Petri"]
[Result "1-0"]
[WhiteElo "2507"]
[BlackElo "2346"]
[PlyCount "97"]
[EventDate "2016.07.23"]
[EventType "swiss"]
[EventRounds "10"]
[EventCountry "DEN"]
[SourceTitle "CBM 173 Extra"]
[Source "ChessBase"]
[SourceDate "2016.08.29"]
[SourceVersion "1"]
[SourceVersionDate "2016.08.29"]
[SourceQuality "1"]

1. Nf3 g6 2. d4 Bg7 3. g3 Nf6 4. Bg2 d6 5. 0-0 Bf5 6. c4 Qc8 7. Re1 0-0 8. Nc3 Bh3 9. Bh1 c6 10. b3 Na6 11. Ba3 Qc7 12. Qd2 Rfe8 13. Rad1 Rad8 14. Qb2 h6 15. e4 e5 16. b4 Bg4 17. dxe5 dxe5 18. Bg2 Rxd1 19. Nxd1 Rd8 20. Ne3 Be6 21. Qc2 Ng4 22. Bf1 Nxe3 23. Rxe3 Qd7 24. Rd3 Qc7 25. c5 Rxd3 26. Bxd3 Qd7 27. Bc4 Nc7 28. Bb2 f6 29. Nd2 Kh7 30. a3 h5 31. Bxe6 Nxe6 32. Nc4 Ng5 33. Qe2 h4 34. Bc3 h3 35. f3 Bh6 36. Kf2 Ne6 37. Qf1 Nc7 38. a4 a5 39. Nxa5 f5 40. Nc4 fxe4 41. fxe4 Qe7 42. Ke1 Ne6 43. Qxh3 Ng5 44. Qg4 Qf7 45. Nd2 Ne6 46. Nf3 Be3 47. Bxe5 Qd7 48. Qh3+ Bh6 49. Ng5+ 1-0

[Event "Helsingor Xtracon op"]
[Site "Helsingor"]
[Date "2016.07.24"]
[Round "3"]
[White "Dreev, Alexey"]
[Black "Petersen, Tom Petri"]
[Result "1-0"]
[WhiteElo "2664"]
[BlackElo "2346"]
[PlyCount "61"]
[EventDate "2016.07.23"]
[EventType "swiss"]
[EventRounds "10"]
[EventCountry "DEN"]
[SourceTitle "CBM 173 Extra"]
[Source "ChessBase"]
[SourceDate "2016.08.29"]
[SourceVersion "1"]
[SourceVersionDate "2016.08.29"]
[SourceQuality "1"]

1. d4 g6 2. g3 Bg7 3. Bg2 Nf6 4. e4 d6 5. Ne2 0-0 6. Nbc3 e5 7. h3 Nc6 8. Be3 exd4 9. Nxd4 Nxd4 10. Bxd4 Bd7 11. 0-0 Re8 12. Qd3 a5 13. Rfe1 Bc6 14. Rad1 Nd7 15. f4 Bxd4+ 16. Qxd4 Qb8 17. h4 b5 18. e5 dxe5 19. fxe5 Bxg2 20. Kxg2 Qb7+ 21. Qd5 Qxd5+ 22. Rxd5 b4 23. Ne4 Nb6 24. Nf6+ Kh8 25. Rc5 Re7 26. b3 Rd8 27. g4 Kg7 28. g5 h6 29. Rxa5 Rd2+ 30. Kg3 Nd7 31. gxh6+ 1-0

[Event "DEN-chT 1516 54th"]
[Site "Denmark"]
[Date "2015.11.01"]
[Round "2"]
[White "Petersen, Tom Petri"]
[Black "Aabling Thomsen, Jakob"]
[Result "1-0"]
[WhiteElo "2349"]
[BlackElo "2341"]
[PlyCount "197"]
[EventDate "2015.10.31"]
[EventType "team-tourn"]
[EventRounds "9"]
[EventCountry "DEN"]
[SourceTitle "CBM 169 Extra"]
[Source "ChessBase"]
[SourceDate "2015.12.18"]
[SourceVersion "1"]
[SourceVersionDate "2015.12.18"]
[SourceQuality "1"]
[WhiteTeam "Nordre"]
[BlackTeam "Bronshoj"]
[WhiteTeamCountry "DEN"]
[BlackTeamCountry "DEN"]

1. c4 e5 2. Nc3 Nf6 3. g3 c6 4. d4 exd4 5. Qxd4 Na6 6. Bg5 Be7 7. Bg2 0-0 8. Nf3 h6 9. Bf4 d5 10. cxd5 Nb4 11. 0-0 Nfxd5 12. Nxd5 Nxd5 13. Be5 f6 14. Bf4 Nxf4 15. Qxf4 Qd6 16. Qe3 Qe6 17. Qc3 Rd8 18. a3 Qd6 19. Nh4 f5 20. Qc2 Qf6 21. e4 f4 22. e5 Qf7 23. Ng6 Bg5 24. h4 f3 25. hxg5 fxg2 26. Kxg2 Re8 27. Nh4 hxg5 28. Nf3 Bf5 29. Qe2 g4 30. Nh4 Qd5+ 31. Kg1 Bd3 32. Qxg4 Bxf1 33. Rxf1 Qxe5 34. Ng6 Qd5 35. Rd1 Qe4 36. Qh5 Qe6 37. Rd4 Qe2 38. Qh8+ Kf7 39. Rd7+ Re7 40. Rxe7+ Qxe7 41. Qxa8 Kxg6 42. Qxa7 Qe1+ 43. Kh2 Qe5 44. Qb6 Qh5+ 45. Kg2 Qd5+ 46. f3 Qd2+ 47. Qf2 Qd3 48. g4 Kf7 49. Kg3 g5 50. Qc5 Kg6 51. Qe5 Qd2 52. Qe6+ Kg7 53. Qe7+ Kg6 54. Qb4 Qd7 55. Qf8 Qe6 56. Kf2 Qe5 57. Qg8+ Kh6 58. Qf8+ Kg6 59. Qb4 Kh6 60. Qc3 Qh2+ 61. Kf1 Qf4 62. Kg2 Qf8 63. Qe5 Kg6 64. Qe6+ Kg7 65. Qd7+ Kg6 66. Qxb7 Qd6 67. Qb4 c5 68. Qc3 Qd5 69. Qe3 Kf7 70. Qe2 c4 71. Qc2 Kg7 72. a4 Kh6 73. Qc3 Kg6 74. a5 Qb5 75. Qd2 Kf7 76. a6 Qxa6 77. Qxg5 Qa4 78. Qf5+ Kg8 79. Qd5+ Kf8 80. Qd2 Qb5 81. Qh6+ Ke7 82. Qg7+ Kd8 83. Qf6+ Kc7 84. g5 Qd5 85. g6 Qd2+ 86. Kg3 Qe1+ 87. Kg4 Qg1+ 88. Kh5 Qh2+ 89. Kg5 Qg2+ 90. Kh6 Qh2+ 91. Kg7 Qd2 92. f4 Kb7 93. f5 Ka8 94. Qc6+ Ka7 95. Qc5+ Kb7 96. Qb5+ Ka8 97. f6 Qd4 98. Qa5+ Kb7 99. Qc3 1-0

[Event "DEN-chT 1516 54th"]
[Site "Denmark"]
[Date "2015.10.31"]
[Round "1"]
[White "Jaksland, Tim"]
[Black "Petersen, Tom Petri"]
[Result "1/2-1/2"]
[WhiteElo "2284"]
[BlackElo "2349"]
[PlyCount "29"]
[EventDate "2015.10.31"]
[EventType "team-tourn"]
[EventRounds "9"]
[EventCountry "DEN"]
[SourceTitle "CBM 169 Extra"]
[Source "ChessBase"]
[SourceDate "2015.12.18"]
[SourceVersion "1"]
[SourceVersionDate "2015.12.18"]
[SourceQuality "1"]
[WhiteTeam "Hillerod"]
[BlackTeam "Nordre"]
[WhiteTeamCountry "DEN"]
[BlackTeamCountry "DEN"]

1. Nf3 g6 2. d4 Bg7 3. g3 c5 4. c3 cxd4 5. cxd4 Nf6 6. Bg2 0-0 7. 0-0 d6 8. Nc3 Nbd7 9. e4 Nb6 10. h3 Bd7 11. Re1 Rc8 12. a4 Nc4 13. b3 Na5 14. Bb2 Ne8 15. Rb1 1/2-1/2

[Event "Politiken Cup 37th"]
[Site "Helsingor"]
[Date "2015.07.27"]
[Round "4"]
[White "Nielsen, Viktor Haarmark"]
[Black "Petersen, Tom Petri"]
[Result "0-1"]
[WhiteElo "2069"]
[BlackElo "2360"]
[PlyCount "54"]
[EventDate "2015.07.25"]
[EventType "swiss"]
[EventRounds "10"]
[EventCountry "DEN"]
[SourceTitle "CBM 167 Extra"]
[Source "ChessBase"]
[SourceDate "2015.09.14"]
[SourceVersion "1"]
[SourceVersionDate "2015.09.14"]
[SourceQuality "1"]

1. e4 g6 2. d4 Bg7 3. Nc3 d6 4. f4 a6 5. Nf3 Nd7 6. Bd3 e6 7. 0-0 Ne7 8. a4 b6 9. Be3 0-0 10. f5 exf5 11. exf5 Nf6 12. fxg6 fxg6 13. d5 Nf5 14. Bf2 Ng4 15. Bxf5 Nxf2 16. Rxf2 Bxf5 17. Qd2 Qf6 18. Re1 Rae8 19. Nd1 Bg4 20. c3 Bxf3 21. Rxf3 Qh4 22. Rxf8+ Rxf8 23. b3 Be5 24. g3 Bxg3 25. hxg3 Qxg3+ 26. Kh1 Rf5 27. Re8+ Kf7 0-1

[Event "DEN-chT 1415 53rd"]
[Site "Denmark"]
[Date "2015.03.08"]
[Round "9.3"]
[White "Petersen, Tom Petri"]
[Black "Jaksland, Tim"]
[Result "1-0"]
[WhiteElo "2334"]
[BlackElo "2277"]
[PlyCount "83"]
[EventDate "2014.10.25"]
[EventType "team-tourn"]
[EventRounds "9"]
[EventCountry "DEN"]
[SourceTitle "EXT 2016"]
[Source "ChessBase"]
[SourceDate "2015.10.08"]
[SourceVersion "1"]
[SourceVersionDate "2015.10.08"]
[SourceQuality "1"]
[WhiteTeam "Nordre"]
[BlackTeam "Hillerod"]
[WhiteTeamCountry "DEN"]
[BlackTeamCountry "DEN"]

1. g3 c5 2. Bg2 Nc6 3. d3 g6 4. c3 Bg7 5. Nf3 d6 6. 0-0 e5 7. e4 Nge7 8. Na3 0-0 9. Nc2 h6 10. h3 Be6 11. Re1 Qd7 12. Kh2 f5 13. exf5 gxf5 14. d4 cxd4 15. cxd4 e4 16. Nh4 d5 17. Be3 Kh7 18. Bf1 Ng6 19. Nxg6 Kxg6 20. Qd2 Rac8 21. Red1 Kh7 22. Rac1 Ne7 23. Ne1 Ng6 24. Ng2 Rxc1 25. Rxc1 Rc8 26. Rxc8 Qxc8 27. h4 Bf8 28. Qa5 Bd6 29. h5 Ne7 30. Qxa7 Nc6 31. Qb6 Bf7 32. Be2 Qd7 33. Nf4 Qc7 34. Qb5 Ne7 35. Qb3 Qc6 36. a4 Qc7 37. Ng2 Nc6 38. Nf4 Bxf4 39. Bxf4 Nxd4 40. Qb4 Nc2 41. Qf8 Qd7 42. Be5 1-0

[Event "DEN-chT 1415 53rd"]
[Site "Denmark"]
[Date "2015.02.15"]
[Round "7.3"]
[White "Christensen, Tobias"]
[Black "Petersen, Tom Petri"]
[Result "1/2-1/2"]
[WhiteElo "2369"]
[BlackElo "2334"]
[PlyCount "45"]
[EventDate "2014.10.25"]
[EventType "team-tourn"]
[EventRounds "9"]
[EventCountry "DEN"]
[SourceTitle "EXT 2016"]
[Source "ChessBase"]
[SourceDate "2015.10.08"]
[SourceVersion "1"]
[SourceVersionDate "2015.10.08"]
[SourceQuality "1"]
[WhiteTeam "Aarhus/Skolerne"]
[BlackTeam "Nordre"]
[WhiteTeamCountry "DEN"]
[BlackTeamCountry "DEN"]

1. e4 g6 2. d4 Bg7 3. Nc3 a6 4. h4 h5 5. Bg5 b5 6. Qd3 d6 7. 0-0-0 Nd7 8. Qg3 Bb7 9. Nge2 Nb6 10. Nf4 Qd7 11. a3 e5 12. Nfe2 f6 13. Be3 Ne7 14. dxe5 fxe5 15. Bxb6 cxb6 16. Qd3 0-0-0 17. g3 Kb8 18. Bh3 Qc7 19. Be6 Qc5 20. Rhf1 Rhf8 21. f3 Rf6 22. b4 Qc7 23. Nd5 1/2-1/2

[Event "Aarhus Chess House IM"]
[Site "Aarhus"]
[Date "2015.02.09"]
[Round "4"]
[White "Meskovs, Nikita"]
[Black "Petersen, Tom Petri"]
[Result "0-1"]
[WhiteElo "2454"]
[BlackElo "2359"]
[PlyCount "124"]
[EventDate "2015.02.07"]
[EventType "tourn"]
[EventRounds "9"]
[EventCountry "DEN"]
[EventCategory "4"]
[SourceTitle "EXT 2016"]
[Source "ChessBase"]
[SourceDate "2015.10.08"]
[SourceVersion "1"]
[SourceVersionDate "2015.10.08"]
[SourceQuality "1"]

1. e4 g6 2. Nf3 Bg7 3. d4 d6 4. Bc4 a6 5. a4 b6 6. 0-0 e6 7. Bg5 Ne7 8. Nc3 h6 9. Be3 Nd7 10. Qe2 Bb7 11. Rad1 0-0 12. Rfe1 Qe8 13. h4 Nf6 14. d5 e5 15. Nh2 Nh5 16. Qd2 Kh7 17. g4 Nf6 18. Qd3 Nd7 19. Ne2 Nc5 20. Bxc5 bxc5 21. a5 Bc8 22. Ng3 Bf6 23. g5 hxg5 24. Qf3 Ng8 25. h5 Qd7 26. Be2 Kg7 27. Qg2 Nh6 28. f3 g4 29. fxg4 Bg5 30. Rf1 Qe7 31. Kh1 Rb8 32. b3 Bf4 33. Qh3 g5 34. Nf5+ Bxf5 35. gxf5 f6 36. Ng4 Rh8 37. Kg2 Rb4 38. Bc4 Qe8 39. Rh1 Nxg4 40. Qxg4 Kh6 41. Qe2 Qa8 42. Ra1 Rb7 43. Ra4 Rhb8 44. Rb1 Rb4 45. Rba1 Rxa4 46. Rxa4 Rb7 47. Bxa6 Ra7 48. Bb5 Rxa5 49. Bc6 Qa7 50. Qb5 Rxa4 51. bxa4 c4 52. Qxc4 Qe3 53. Qd3 Qe1 54. Qf3 Qh4 55. Qh3 Qe1 56. Qf3 Be3 57. Qf1 Qd2+ 58. Kf3 Bc5 59. Kg4 Qh2 60. Qd3 Qf4+ 61. Kh3 g4+ 62. Kg2 Qf2+ 0-1

[Event "Aarhus Chess House IM"]
[Site "Aarhus"]
[Date "2015.02.07"]
[Round "1"]
[White "Ahlander, Bjorn"]
[Black "Petersen, Tom Petri"]
[Result "1-0"]
[WhiteElo "2389"]
[BlackElo "2359"]
[PlyCount "35"]
[EventDate "2015.02.07"]
[EventType "tourn"]
[EventRounds "9"]
[EventCountry "DEN"]
[EventCategory "4"]
[SourceTitle "EXT 2016"]
[Source "ChessBase"]
[SourceDate "2015.10.08"]
[SourceVersion "1"]
[SourceVersionDate "2015.10.08"]
[SourceQuality "1"]

1. e4 g6 2. d4 Bg7 3. Nc3 a6 4. Be3 d6 5. Qd2 Nd7 6. h4 Ngf6 7. f3 b5 8. g4 h6 9. 0-0-0 Bb7 10. Kb1 Rc8 11. Nh3 c5 12. g5 hxg5 13. Nxg5 cxd4 14. Bxd4 Ne5 15. Bxe5 Nxe4 16. Ncxe4 Bxe5 17. f4 Bg7 18. Bg2 1-0

[Event "DEN-chT 1415 53rd"]
[Site "Denmark"]
[Date "2014.10.26"]
[Round "2.3"]
[White "Petersen, Tom Petri"]
[Black "Ochsner, Bjorn Moller"]
[Result "1/2-1/2"]
[WhiteElo "2334"]
[BlackElo "2342"]
[PlyCount "98"]
[EventDate "2014.10.25"]
[EventType "team-tourn"]
[EventRounds "9"]
[EventCountry "DEN"]
[SourceTitle "EXT 2016"]
[Source "ChessBase"]
[SourceDate "2015.10.08"]
[SourceVersion "1"]
[SourceVersionDate "2015.10.08"]
[SourceQuality "1"]
[WhiteTeam "Nordre"]
[BlackTeam "Jetsmark"]
[WhiteTeamCountry "DEN"]
[BlackTeamCountry "DEN"]

1. Nf3 d5 2. g3 Nf6 3. Bg2 c6 4. 0-0 Bf5 5. d3 h6 6. Nbd2 e6 7. e3 Be7 8. Qe2 0-0 9. e4 Bh7 10. Ne5 Na6 11. Nb3 Qc7 12. Ng4 Nxg4 13. Qxg4 Kh8 14. Re1 Nb4 15. Qe2 dxe4 16. dxe4 a5 17. a3 Na6 18. a4 Nc5 19. Nxc5 Bxc5 20. Be3 Qb6 21. b3 Rad8 22. Qc4 Bxe3 23. Rxe3 Rd4 24. Qc3 Rfd8 25. Rae1 Rd2 26. Bf1 R2d4 27. h4 e5 28. Bc4 f6 29. Bf1 Bg6 30. Kg2 Bf7 31. Rd3 c5 32. Red1 Bg6 33. Rxd4 exd4 34. Qf3 Qe6 35. Bd3 Be8 36. Re1 Bc6 37. Kg1 Re8 38. Re2 Qe5 39. Qf4 g5 40. hxg5 hxg5 41. Qg4 Kg7 42. f3 Qe6 43. Qxe6 Rxe6 44. Kf2 Re8 45. Re1 Re7 46. Rh1 Be8 47. Bc4 Bc6 48. Bd3 Re8 49. Re1 Re7 1/2-1/2